000 00602nam a2200229Ia 4500
003 OSt
005 20221005073153.0
006 a|||||r|||| 00| 0
007 ta
008 221004b |||||||| |||| 00| 0 eng d
024 _a49750
037 _cTextual
040 _aCRL
_cCRL
_beng
041 _2eng
_aeng
082 _aT4:4,8.2sN98, N8
245 0 _aDistance Education in India 1997-98
260 _aNew Delhi
_bGovernment of India India
_c2000
300 _a144p.
_ccm.
650 _aHIGHER EDUCATION
942 _hT4:4,8.2sN98, N8
_cTEXL
_2cc
999 _c980694
_d980694